The complete block book
Αποθηκεύτηκε σε:
| Κύριος συγγραφέας: | |
|---|---|
| Άλλοι συγγραφείς: | , |
| Μορφή: | Βιβλίο |
| Γλώσσα: | English |
| Δημοσίευση: |
New York :
Syracuse University Press,
1983.
|
| Θέματα: | |
| Ετικέτες: |
Προσθήκη ετικέτας
Δεν υπάρχουν, Καταχωρήστε ετικέτα πρώτοι!
|
MARC
| LEADER | 00000cam a2200000 i 4500 | ||
|---|---|---|---|
| 001 | 1/100292 | ||
| 008 | 000201s1983 eng d | ||
| 020 | |a 0-8156-0188-3 | ||
| 035 | |l 10057221 | ||
| 040 | |a GR-MY-UA |b gre |e aacr | ||
| 041 | 0 | |a eng | |
| 082 | 0 | |a 372.13078 | |
| 100 | 1 | |a Provenzo, Eugene F. | |
| 245 | 1 | 4 | |a The complete block book / |c Eugene F. Provenzo, Arlene Brett ; photographs by Michael Carlebach. |
| 260 | |a New York : |b Syracuse University Press, |c 1983. | ||
| 300 | |a 169 σ. | ||
| 650 | 0 | 0 | |a Block building (Children's activity) |
| 700 | 1 | |a Brett, Arlene. | |
| 700 | 1 | |a Carlebach, Michael L. |e pht | |
| 852 | |a INST |b RHODES |e 20000201 |h 372.13078 PRO |p 005400012216 |q 005400012216 |t BK |y 0 | ||
| 901 | |a BIBL4-2000-1 | ||
| 909 | |a Ρ |b 068678 | ||
| 922 | |a 4ΕΛΗ |b 199909 |c ΚΠΣ/154 |d GLORY BOOKS | ||
| 970 | |a ΚΟΥΛΑΚΙΟΤΗ |b ΛΙΤΣΑ |z 2000/02/01 | ||